| 000 | 00653nam a2200193Ia 4500 | ||
|---|---|---|---|
| 003 | GCL | ||
| 008 | 140319s9999 xx 000 0 ara d | ||
| 040 |
_aGCL / _cGCL |
||
| 082 | 0 | 4 |
_a812 _bش غ |
| 100 | 1 | _aشريف هزاع شريف | |
| 245 | 1 | 0 |
_aغودو قادم / _cشريف هزاع شريف |
| 260 |
_aالقاهرة : _bالهيئة المصرية العامة للكتاب ، _c2001 |
||
| 300 |
_a64 ص ؛ _c20 سم |
||
| 490 |
_aمسابقة تيمور للابداع المسرحى _v0 |
||
| 650 | 0 | 4 | _aالمسرحيات |
| 650 | 0 | 4 | _aالمسرحيات العربية |
| 650 | 0 | 4 | _aالمسرحيات - مسابقات |
| 942 |
_2ddc _cBK |
||
| 999 |
_c6766 _d6766 |
||